<?xml version="1.0" encoding="UTF-8"?>
<record
    xmlns:xsi="http://www.w3.org/2001/XMLSchema-instance"
    xsi:schemaLocation="http://www.loc.gov/MARC21/slim http://www.loc.gov/standards/marcxml/schema/MARC21slim.xsd"
    xmlns="http://www.loc.gov/MARC21/slim">

  <leader>01228nam a22002775a 4500</leader>
  <controlfield tag="003">OSt</controlfield>
  <controlfield tag="005">20170118112454.0</controlfield>
  <controlfield tag="008">161221s2016    ua     frb    000 0 ara d</controlfield>
  <datafield tag="015" ind1=" " ind2=" ">
    <subfield code="a">2015/17218</subfield>
  </datafield>
  <datafield tag="020" ind1=" " ind2=" ">
    <subfield code="a">9789779034355</subfield>
  </datafield>
  <datafield tag="040" ind1=" " ind2=" ">
    <subfield code="a">EG-ScBUE</subfield>
    <subfield code="b">ara</subfield>
    <subfield code="c">EG-ScBUE</subfield>
  </datafield>
  <datafield tag="043" ind1=" " ind2=" ">
    <subfield code="a">f-ua---</subfield>
    <subfield code="a">e-fr---</subfield>
  </datafield>
  <datafield tag="082" ind1="0" ind2="4">
    <subfield code="a">345.02323</subfield>
    <subfield code="b">&#x633; &#x644; &#x627;</subfield>
    <subfield code="2">22</subfield>
  </datafield>
  <datafield tag="100" ind1="1" ind2=" ">
    <subfield code="a">&#x633;&#x644;&#x627;&#x645;&#x60C; &#x623;&#x62D;&#x645;&#x62F; &#x631;&#x634;&#x627;&#x62F;.</subfield>
  </datafield>
  <datafield tag="245" ind1="1" ind2="0">
    <subfield code="a">&#x627;&#x62A;&#x641;&#x627;&#x642;&#x64A;&#x629; &#x627;&#x644;&#x623;&#x645;&#x645; &#x627;&#x644;&#x645;&#x62A;&#x62D;&#x62F;&#x629; &#x644;&#x645;&#x643;&#x627;&#x641;&#x62D;&#x629; &#x627;&#x644;&#x641;&#x633;&#x627;&#x62F; &#x641;&#x64A; &#x636;&#x648;&#x621; &#x623;&#x62D;&#x643;&#x627;&#x645; &#x627;&#x644;&#x642;&#x627;&#x646;&#x648;&#x646; &#x627;&#x644;&#x62F;&#x648;&#x644;&#x64A; &#x627;&#x644;&#x62E;&#x627;&#x635; &#x627;&#x644;&#x645;&#x635;&#x631;&#x64A; /</subfield>
    <subfield code="c">&#x623;&#x62D;&#x645;&#x62F; &#x631;&#x634;&#x627;&#x62F; &#x633;&#x644;&#x627;&#x645;.</subfield>
  </datafield>
  <datafield tag="260" ind1=" " ind2=" ">
    <subfield code="a">[&#x62F;. &#x645;. :</subfield>
    <subfield code="b">&#x62F;. &#x646;.]&#x60C;</subfield>
    <subfield code="c">2016</subfield>
    <subfield code="e">(&#x627;&#x644;&#x647;&#x631;&#x645; :</subfield>
    <subfield code="f">&#x62F;&#x627;&#x631; &#x623;&#x628;&#x648; &#x627;&#x644;&#x645;&#x62C;&#x62F; &#x644;&#x644;&#x637;&#x628;&#x627;&#x639;&#x629;)</subfield>
  </datafield>
  <datafield tag="300" ind1=" " ind2=" ">
    <subfield code="a">212 &#x635;. &#x61B;</subfield>
    <subfield code="c">24 &#x633;&#x645;.</subfield>
  </datafield>
  <datafield tag="504" ind1=" " ind2=" ">
    <subfield code="a">&#x64A;&#x634;&#x62A;&#x645;&#x644; &#x639;&#x644;&#x649; &#x625;&#x631;&#x62C;&#x627;&#x639;&#x627;&#x62A; &#x628;&#x628;&#x644;&#x64A;&#x648;&#x62C;&#x631;&#x627;&#x641;&#x64A;&#x629;.</subfield>
  </datafield>
  <datafield tag="630" ind1=" " ind2="7">
    <subfield code="a">&#x627;&#x62A;&#x641;&#x627;&#x642;&#x64A;&#x629; &#x627;&#x644;&#x623;&#x645;&#x645; &#x627;&#x644;&#x645;&#x62A;&#x62D;&#x62F;&#x629; &#x644;&#x645;&#x643;&#x627;&#x641;&#x62D;&#x629; &#x627;&#x644;&#x641;&#x633;&#x627;&#x62F;</subfield>
    <subfield code="d">(2003)</subfield>
    <subfield code="2">BUEsh</subfield>
    <subfield code="9">40876</subfield>
  </datafield>
  <datafield tag="650" ind1=" " ind2="7">
    <subfield code="a">&#x645;&#x643;&#x627;&#x641;&#x62D;&#x629; &#x627;&#x644;&#x641;&#x633;&#x627;&#x62F;</subfield>
    <subfield code="x">&#x642;&#x648;&#x627;&#x646;&#x64A;&#x646; &#x648;&#x62A;&#x634;&#x631;&#x64A;&#x639;&#x627;&#x62A;</subfield>
    <subfield code="z">&#x645;&#x635;&#x631;.</subfield>
    <subfield code="2">BUEsh</subfield>
  </datafield>
  <datafield tag="650" ind1=" " ind2="7">
    <subfield code="a">&#x645;&#x643;&#x627;&#x641;&#x62D;&#x629; &#x627;&#x644;&#x641;&#x633;&#x627;&#x62F;</subfield>
    <subfield code="x">&#x642;&#x648;&#x627;&#x646;&#x64A;&#x646; &#x648;&#x62A;&#x634;&#x631;&#x64A;&#x639;&#x627;&#x62A;</subfield>
    <subfield code="z">&#x641;&#x631;&#x646;&#x633;&#x627;.</subfield>
    <subfield code="2">BUEsh</subfield>
  </datafield>
  <datafield tag="650" ind1=" " ind2="7">
    <subfield code="a">&#x645;&#x643;&#x627;&#x641;&#x62D;&#x629; &#x627;&#x644;&#x641;&#x633;&#x627;&#x62F; (&#x642;&#x627;&#x646;&#x648;&#x646; &#x62F;&#x648;&#x644;&#x64A;)</subfield>
    <subfield code="v">&#x645;&#x639;&#x627;&#x647;&#x62F;&#x627;&#x62A;.</subfield>
    <subfield code="2">BUEsh</subfield>
  </datafield>
  <datafield tag="651" ind1=" " ind2=" ">
    <subfield code="2">BUEsh</subfield>
  </datafield>
  <datafield tag="653" ind1=" " ind2=" ">
    <subfield code="b">LLAAWW</subfield>
    <subfield code="c">December2016</subfield>
  </datafield>
  <datafield tag="942" ind1=" " ind2=" ">
    <subfield code="2">ddc</subfield>
  </datafield>
  <datafield tag="999" ind1=" " ind2=" ">
    <subfield code="c">23671</subfield>
    <subfield code="d">23643</subfield>
  </datafield>
  <datafield tag="952" ind1=" " ind2=" ">
    <subfield code="0">0</subfield>
    <subfield code="1">0</subfield>
    <subfield code="2">ddc</subfield>
    <subfield code="4">0</subfield>
    <subfield code="7">0</subfield>
    <subfield code="8">DarN.AR.</subfield>
    <subfield code="a">MAIN</subfield>
    <subfield code="b">MAIN</subfield>
    <subfield code="c">1ST</subfield>
    <subfield code="d">2016-12-21</subfield>
    <subfield code="e">Purchase</subfield>
    <subfield code="g">35.00</subfield>
    <subfield code="h">2815</subfield>
    <subfield code="o">345.02323 &#x633; &#x644; &#x627;</subfield>
    <subfield code="p">000040510</subfield>
    <subfield code="r">2025-07-15 00:00:00</subfield>
    <subfield code="s">2018-05-29</subfield>
    <subfield code="v">43.75</subfield>
    <subfield code="y">BB</subfield>
  </datafield>
  <datafield tag="952" ind1=" " ind2=" ">
    <subfield code="0">0</subfield>
    <subfield code="1">0</subfield>
    <subfield code="2">ddc</subfield>
    <subfield code="4">0</subfield>
    <subfield code="7">0</subfield>
    <subfield code="8">DarN.AR.</subfield>
    <subfield code="a">MAIN</subfield>
    <subfield code="b">MAIN</subfield>
    <subfield code="c">1ST</subfield>
    <subfield code="d">2016-12-21</subfield>
    <subfield code="e">Purchase</subfield>
    <subfield code="g">35.00</subfield>
    <subfield code="h">2815</subfield>
    <subfield code="o">345.02323 &#x633; &#x644; &#x627;</subfield>
    <subfield code="p">000040511</subfield>
    <subfield code="r">2025-07-15 00:00:00</subfield>
    <subfield code="v">43.75</subfield>
    <subfield code="y">BB</subfield>
  </datafield>
</record>
